000 00393 a2200169 4500
001 183104
020 _a85-00-00133-X
040 _cMagnum
100 _aBalzac, Honore de
240 1 0 _aO xale de Selim e outros contos
_lpor
245 1 0 _aO xale de Selim e outros contos
300 _a112
362 0 _a1996
440 1 _aEdiouro
697 _aLITERATURA GERAL ESTRANGEIRA
942 _cBK
999 _c183104
_d183104